000 00603cam a2200205ua 4500
001 11976
005 20260515114825.0
008 191224n ii |||gr||||Z||||||asm
020 _a9788176654982
040 _cMAIN
082 _a891.4513
100 _aPradip Kumar . ,
_eTranslator.
245 _aChekhovar Galpa :
_bstories of Anton Pavlovinch Chekhov /
_cTranslated by Pradip Kumar .
250 _a2nd ed.
260 _aGuwahati:
_bStudents store,
_c2016.
300 _a175p.
653 _aEast Indo-European & Celtic literatures
700 _aAnton Pavlovinch Chekhov,
_eAuthor.
942 _cBK
999 _c10751
_d10751